Normal view
MARC view
Entry Término temático
001 - NÚMERO DE CONTROL
- campo de control: 182355
003 - IDENTIFICADOR DEL NÚMERO DE CONTROL
- campo de control: OSt
005 - FECHA Y HORA DE LA ÚLTIMA TRANSACCIÓN
- campo de control: 20220601075338.0
008 - DATOS DE LONGITUD FIJA
- campo de control de longitud fija: 220601|| aca||aabn | a|a d
040 ## - FUENTE DE LA CATALOGACIÓN
- Centro catalogador/agencia de origen: OSt
- Centro/agencia transcriptor: OSt
150 ## - ENCABEZAMIENTO--TÉRMINO DE MATERIA
- Término de materia o nombre geográfico como elemento de entrada: 1. Leche - Producción 2. Animales - Hábitos y conducta 3. Ganado vacuno - Reproducción 4. Ganado vacuno - Razas 5. Ganado vacuno - Pastoreo 6. Ganado vacuno - TrópicosÌ
670 ## - FUENTE DE DATOS ENCONTRADOS
- Cita de la fuente: Work cat.: (OSt)215103: Larios Sarabia, Neon 64928, Producción de leche y comportamiento reproductivo de vacas Jersey en pastoreo en clima semicálido / Neon Larios Sarabia
